Welcome to the Holygrace Academy Library

Please use search bar below to get started

ALL IN ONE BUSINESS STUDIES (Record no. 608)

MARC details
000 -LEADER
fixed length control field 00322nam a22001337a 4500
020 ## - INTERNATIONAL STANDARD BOOK NUMBER
ISBN 978-93-5094-843-9
082 ## - DEWEY DECIMAL CLASSIFICATION NUMBER
Classification number 174
Item number SHA/B
100 ## - MAIN ENTRY--AUTHOR NAME
Personal name AKANSHA SHARMA
245 ## - TITLE STATEMENT
Title ALL IN ONE BUSINESS STUDIES
Remainder of title CLASS XII
260 ## - PUBLICATION, DISTRIBUTION, ETC. (IMPRINT)
Place of publication DELHI
Name of publisher ARIHANT
300 ## - PHYSICAL DESCRIPTION
Number of Pages 440
650 ## - SUBJECT ADDED ENTRY--TOPICAL TERM
Topical Term BUSINESS STUDIES FOR CLASS XII
Geographic subdivision INDIA
942 ## - ADDED ENTRY ELEMENTS (KOHA)
Koha item type Books
Holdings
Withdrawn status Lost status Collection code Home library Current library Shelving location Date acquired Source of acquisition Cost, normal purchase price Full call number Accession Number Koha item type
    Reference Main Library Main Library   24/05/2014 purchase 275.00 174 SHA/B 08836 Books